[Event "Ch Croatia (team) (1st league)"]
[Site "masterchessopen.com Pula (Croatia)"]
[Round "9"]
[White "Jovanic Ognjen (CRO)"]
[Black "Lazovic Gordan (CRO)"]
[Result "0-1"]
[WhiteElo "2333"]
[BlackElo "2319"]

1.d4 d5 2.c4 e6 3.Nf3 Nf6 4.g3 dxc4 5.Bg2 Be7 6.O-O O-O 7.Qc2 Bd7 8.Qxc4 Bc6
9.Nc3 Nbd7 10.Re1 Ne4 11.d5 exd5 12.Nxd5 Nb6 13.Nxe7+ Qxe7 14.Qc2 Rad8 15.b3
Rfe8 16.Bb2 Qc5 17.Qxc5 Nxc5 18.Rac1 Na6 19.Kf1 Bd5 20.Red1 Nb4 21.Nd4 Bxg2+
22.Kxg2 c6 23.a3 N4d5 24.Rd3 f6 25.e3 Kf7 26.Kf3 Rd7 27.Ne2 Rde7 28.Bd4 Nd7
29.Nf4 Nc7 30.Kg2 a6 31.a4 Ne5 32.Rdd1 Rd7 33.Bxe5 Rxd1 34.Rxd1 Rxe5 35.Rd7+
Re7 36.Rxe7+ Kxe7 37.Nd3 Kd6 38.e4 Ne6 39.b4 c5 40.bxc5+ Nxc5 41.Nb2 Nxe4
42.Kf3 Kd5 43.Ke3 Nd6 44.Kd3 Kc5 45.f4 b5 46.axb5 axb5 47.Nd1 Nc4 48.h4 b4
49.h5 b3 50.g4 b2 51.Nc3 Kb4 52.Nb1 Kb3 53.g5 f5 54.Kd4 Kc2 55.Nc3 Na3 {#R}
0-1

[Event "It"]
[Site "masterchessopen.com Stavanger (Norway)"]
[Round "8"]
[White "Stohl Igor (SVK)"]
[Black "Egeli Per Ove (NOR)"]
[Result "1-0"]
[WhiteElo "2600"]
[BlackElo "2335"]

1.d4 Nf6 2.c4 e6 3.g3 d5 4.Bg2 Be7 5.Nf3 dxc4 6.Qa4+ Nbd7 7.Qxc4 a6 8.Qc2 c5
9.O-O O-O 10.Rd1 cxd4 11.Nxd4 g6 12.Na3 Re8 13.Nc4 Bf8 14.b3 Qc7 15.Bd2 e5
16.Ba5 Qb8 17.Nf3 b6 18.Bc3 e4 19.Ng5 b5 20.Na5 Qc7 21.Nxe4 b4 22.Nc4 bxc3
23.Nxf6+ Nxf6 24.Bxa8 Bf5 25.Qxc3 Bg7 26.Bf3 Ne4 27.Qe3 Qb8 28.Bxe4 Rxe4
29.Qg5 Bxa1 30.Rd8+ Re8 31.Rxb8 Rxb8 32.Qe7 Kg7 33.Ne5 Be6 34.Nc6 Rc8 35.Nd8
Bd5 36.e4 Bf6 37.Qb4 Rc1+ 38.Kg2 Ba8 39.Nb7 Rc7 40.Nd6 Rd7 41.Ne8+ {#r} 1-0

[Event "Ch Poland (youth) (under 26)"]
[Site "masterchessopen.com Warsaw (Poland)"]
[Round "0"]
[White "Marszalek Rafal (POL)"]
[Black "Kowalewski Jaroslaw (POL)"]
[Result "0-1"]
[WhiteElo "2260"]
[BlackElo "2094"]

1.Nf3 Nf6 2.g3 e6 3.c4 d5 4.d4 dxc4 5.Bg2 Be7 6.O-O Nbd7 7.Qa4 O-O 8.Qxc4 Nb6
9.Qc2 c6 10.Rd1 Qc7 11.Bf4 Bd6 12.Bxd6 Qxd6 13.e4 Qe7 14.Nbd2 Bd7 15.a4 Rac8
16.Qc5 Qxc5 17.dxc5 Na8 18.Ne5 Rc7 19.Nb3 Bc8 20.Rd2 Nd7 21.Nxd7 Rxd7 22.Rxd7
Bxd7 23.Rd1 Bc8 24.f4 Re8 25.Bf1 Kf8 26.Bc4 Ke7 27.Rd2 Nc7 28.a5 Rd8 29.Rxd8
Kxd8 30.Kf2 Ke7 31.e5 Bd7 32.Nd2 Nd5 33.Ne4 f6 34.Nd6 g5 35.Kf3 gxf4 36.gxf4
fxe5 37.fxe5 Be8 38.Kf2 Bg6 39.Nxb7 Nb4 40.Nd6 Bd3 41.Ke3 Bxc4 42.Nxc4 Nc2+
43.Kd3 Ne1+ 44.Ke4 Kd7 45.Nd6 Nc2 46.Kd3 Ne1+ 47.Ke2 Nc2 48.Ne4 Nd4+ 49.Ke3
Nf5+ 50.Kf4 h6 51.a6 Ne7 52.Nf6+ Kc7 53.h3 Nd5+ 54.Nxd5+ cxd5 55.Ke3 Kc6 56.b4
Kb5 57.Kd4 Kxa6 58.c6 Kb6 59.b5 a6 60.bxa6 Kxc6 61.a7 Kb7 62.Kc5 Kxa7 63.Kd6
d4 {#R} 0-1

[Event "Verbandsliga Baden South 1998/99"]
[Site "masterchessopen.com Germany"]
[Date "1999.01.24"]
[Round "5"]
[White "Mueller Armin (GER)"]
[Black "Doeserich Juergen (GER)"]
[Result "0-1"]
[WhiteElo "2032"]
[BlackElo "2080"]

1.c4 e6 2.Nf3 Nf6 3.g3 d5 4.d4 dxc4 5.Bg2 Be7 6.Qa4+ Nbd7 7.Qxc4 a6 8.O-O b5
9.Qc2 Bb7 10.Nbd2 c5 11.a4 O-O 12.Rd1 Qb6 13.e3 Rac8 14.Qd3 Nd5 15.Nf1 Nb4
16.Qe2 Bd5 17.Ne5 Nxe5 18.Bxd5 Nxd5 19.dxe5 c4 20.axb5 axb5 21.Bd2 Qb8 22.f4
Bc5 23.Kg2 Rfd8 24.Ba5 Bb6 25.e4 Ne7 26.Bxb6 Qxb6 27.Qe3 Qc6 28.Rd4 Nf5
29.Rxd8+ Rxd8 30.Qe1 Rd4 31.Nd2 Ne7 32.Kf1 g6 33.Qf2 Qd7 34.Ra8+ Kg7 35.Nf3
Rxe4 36.Ra7 Qd3+ 37.Kg1 Re2 38.Qf1 Qe3+ 39.Kh1 Rf2 {#R} 0-1

[Event "It (open) \"]
[Site "masterchessopen.com St. Veit (Austria)"]
[Round "9"]
[White "Marjanovic Slavko (SLO)"]
[Black "Tober Gerhard (AUT)"]
[Result "1-0"]
[WhiteElo "2031"]
[BlackElo "2210"]

1.d4 d5 2.c4 e6 3.Nf3 Nf6 4.g3 Be7 5.Bg2 dxc4 6.O-O O-O 7.Qc2 Nbd7 8.Nbd2 c3
9.bxc3 c5 10.e4 Qc7 11.Ba3 Re8 12.Rac1 cxd4 13.Bxe7 d3 14.Qxd3 Rxe7 15.Nd4 Nc5
16.Qc2 Bd7 17.N2b3 Ba4 18.Qb1 Rd7 19.c4 Rad8 20.Nxc5 Qxc5 21.Nb3 Qd6 22.Rfe1
h5 23.Qb2 Ng4 24.e5 Bxb3 25.axb3 Qd2 26.Rc2 Qa5 27.Qc3 Qxc3 28.Rxc3 Nxf2
29.Bxb7 Nh3+ 30.Kh1 Nf2+ 31.Kg1 Nh3+ 32.Kh1 {#r} 1-0

[Event "It (open) \"]
[Site "masterchessopen.com Athens (Greece)"]
[Round "3"]
[White "Troupis Konstantinos (GRE)"]
[Black "Stamatiadis Georgios (GRE)"]
[Result "1-0"]
[WhiteElo "2035"]
[BlackElo "1868"]

1.d4 d5 2.Nf3 Nf6 3.g3 e6 4.Bg2 Be7 5.c4 dxc4 6.Qa4+ Bd7 7.Qxc4 Bc6 8.Nc3 Nbd7
9.O-O Nb6 10.Qd3 a6 11.Rd1 Na4 12.Nxa4 Bxa4 13.b3 Bc6 14.Bb2 O-O 15.Rac1 Be4
16.Qd2 Nd5 17.a3 c6 18.Ne5 Bxg2 19.Kxg2 Nf6 20.f3 Qd5 21.Nc4 Qb5 22.Rc3 a5
23.e4 Rfd8 24.Qc2 a4 25.b4 Ne8 26.Rcd3 Nd6 27.Ne3 Rac8 28.Qc3 Qg5 29.Bc1 Qg6
30.Qc2 Ra8 31.d5 cxd5 32.exd5 Rdc8 33.Qe2 e5 34.Ng4 e4 35.Re3 exf3+ 36.Qxf3
Rc2+ 37.Nf2 Bg5 38.Ree1 Rac8 39.Bxg5 Qxg5 40.Rd3 R8c4 41.Rde3 g6 42.Re5 Qg4
43.Qf6 Qd7 44.Re7 Qd8 45.Re8+ Qxe8 46.Rxe8+ Nxe8 47.Qe7 Nc7 48.d6 Ne6 49.Qxb7
Rd4 50.Qa8+ Kg7 51.Qxa4 Rdd2 52.Qa7 Rxd6 53.Kf3 Nd4+ 54.Kg4 h5+ 55.Kh3 Rxf2
56.g4 hxg4+ 57.Kxg4 Rxh2 58.Qc5 Nf5 59.Qe5+ f6 60.Qxh2 Rd4+ 61.Kf3 Rd3+ 62.Ke2
Rxa3 63.Qc7+ Kf8 64.Qc5+ Kf7 65.b5 Re3+ 66.Kd2 Re5 67.Qc4+ Ke7 68.Qc7+ Ke6
69.Qc8+ Ke7 70.b6 Nd6 71.Qc7+ Ke6 72.Qc6 Kf5 73.Qf3+ Kg5 74.Qg3+ Kh6 75.Qh3+
Kg7 76.Qd7+ Kf8 77.Qh7 {#r} 1-0

[Event "It (open)"]
[Site "masterchessopen.com Biel (Switzerland)"]
[Round "2"]
[White "Leutwyler Martin (SUI)"]
[Black "Kleinhenz Hans-Georg (GER)"]
[Result "0-1"]
[WhiteElo "2154"]
[BlackElo "2041"]

1.d4 e6 2.g3 d5 3.Bg2 Nf6 4.Nf3 Be7 5.c4 dxc4 6.O-O O-O 7.Ne5 c5 8.dxc5 Qc7
9.Nxc4 Bxc5 10.Nc3 Bd7 11.Bf4 Bxf2+ 12.Rxf2 Qxc4 13.Bxb7 Bc6 14.Bxa8 Bxa8
15.Qa4 Qc8 16.h3 Nc6 17.Kh2 e5 18.Bg5 Nd7 19.Qg4 Nd4 20.e4 Qb7 21.Be7 f5
22.Qd1 Rf7 23.Ba3 Nf6 24.Rxf5 Rd7 25.Rxe5 Nc6 26.Qb3+ Qxb3 27.axb3 Nxe5 28.Bc5
Rd2+ 29.Kg1 Nf3+ 30.Kf1 Bxe4 31.Rxa7 Bd3+ 32.Ne2 {#R} 0-1

[Event "Ch India (team)"]
[Site "masterchessopen.com Chennai (India)"]
[Round "4"]
[White "Koshy Varugeese (IND)"]
[Black "Muralidharan R (IND)"]
[Result "1-0"]
[WhiteElo "2381"]
[BlackElo "2137"]

1.c4 e6 2.g3 d5 3.Nf3 Nf6 4.Bg2 Be7 5.d4 dxc4 6.Qa4+ Nbd7 7.Qxc4 c5 8.O-O a6
9.Qc2 O-O 10.Rd1 Qb6 11.Nc3 Qa7 12.e4 cxd4 13.Nxd4 Ne5 14.Nb3 Rd8 15.Be3 b6
16.Na4 Nfd7 17.Qe2 Bb7 18.Na5 Rac8 19.Nxb7 Qxb7 20.Rac1 b5 21.Rxc8 Rxc8 22.Nc3
Nc4 23.Bc1 Nde5 24.Nb1 Rd8 25.b3 Rxd1+ 26.Qxd1 Nd6 27.Bb2 f6 28.Bxe5 fxe5
29.Qg4 Qd7 30.Nd2 Nf7 31.Qe2 Qd4 32.Bh3 Nd8 33.Nf3 Qd6 34.a4 bxa4 35.bxa4 h6
36.Qc4 Kf7 37.Bf1 a5 38.Qb5 Nc6 39.Qxc6 {#r} 1-0

[Event "Zt"]
[Site "masterchessopen.com Mondariz (Spain)"]
[Round "1"]
[White "Bauer Christian (FRA)"]
[Black "Bellini Fabio (ITA)"]
[Result "1-0"]
[WhiteElo "2562"]
[BlackElo "2484"]

1.d4 d5 2.c4 e6 3.Nf3 Nf6 4.g3 Be7 5.Bg2 dxc4 6.O-O O-O 7.Qc2 a6 8.a4 Bd7
9.Qxc4 Bc6 10.Bg5 Bd5 11.Qc2 Be4 12.Qc1 Nc6 13.Nbd2 Nxd4 14.Nxd4 Bxg2 15.Nxe6
fxe6 16.Kxg2 Nd5 17.Bxe7 Qxe7 18.Nf3 Qf6 19.Ra3 Rad8 20.Qc2 Rd6 21.Rb3 Rc6
22.Qe4 Nb6 23.a5 Nc4 24.Rxb7 Nxa5 25.Rb4 Rc5 26.Ra4 Rd8 27.b4 Rc4 28.Qe5 Nb7
29.Rxa6 Qxe5 30.Nxe5 Re4 31.Nc6 Rd2 32.Ra7 Rc4 33.b5 Nd6 34.Ne5 {#r} 1-0

[Event "It (open)"]
[Site "masterchessopen.com Pribram (Czech Republic)"]
[Round "8"]
[White "Smejkal Jan (CZE)"]
[Black "Kulhanek Tomas (CZE)"]
[Result "1-0"]
[WhiteElo "2515"]
[BlackElo "2352"]

1.c4 e6 2.Nf3 d5 3.d4 Nf6 4.g3 dxc4 5.Bg2 Be7 6.O-O O-O 7.Qc2 Bd7 8.Ne5 Bc6
9.Nxc6 Nxc6 10.e3 Nd5 11.Qxc4 Bf6 12.Nc3 Nb6 13.Qe2 e5 14.d5 Ne7 15.Rd1 g6
16.Ne4 Bg7 17.Nc5 Rb8 18.e4 Nec8 19.Be3 Nd6 20.Rac1 h6 21.Rc2 Qe7 22.Rdc1 Kh7
23.a4 a6 24.h4 Rbd8 25.Nxb7 Nxb7 26.Rxc7 Nd7 27.Rxb7 Rc8 28.Rxc8 Rxc8 29.Bh3
{#r} 1-0

[Event "It (open)"]
[Site "masterchessopen.com Hammerfest (Norway)"]
[Round "4"]
[White "Yevseev Denis (RUS)"]
[Black "Romsdal Trond (NOR)"]
[Result "1-0"]
[WhiteElo "2516"]
[BlackElo "2222"]

1.d4 d5 2.c4 e6 3.Nf3 Nf6 4.g3 Be7 5.Bg2 dxc4 6.O-O O-O 7.Qc2 a6 8.a4 c5
9.dxc5 Qc7 10.Na3 Nc6 11.Nxc4 Bxc5 12.Bf4 Qe7 13.Rad1 Nd5 14.Ng5 g6 15.Bd2 b5
16.Na3 Bb7 17.Ne4 Bd4 18.axb5 axb5 19.Nxb5 Be5 20.Bg5 f6 21.Bc1 Rfc8 22.Qc5
Qd7 23.Nbd6 Ra5 24.Nxb7 Rxc5 25.Nbxc5 Qe7 26.Nxe6 Qxe6 27.Ng5 Qe8 28.Bxd5+ Kg7
29.Ne6+ Kh8 30.Bh6 f5 31.Ng5 Nd8 32.Bb3 Rc7 33.Rd2 Bg7 34.Rfd1 Bf6 35.Rxd8
Bxd8 36.Ne6 Rd7 37.Bg7+ Rxg7 38.Rxd8 Qxd8 39.Nxd8 Rd7 40.Ne6 Rb7 41.Nd4 Rd7
42.e3 Kg7 43.Kg2 {#r} 1-0

[Event "It (open)"]
[Site "masterchessopen.com Augsburg (Germany)"]
[Round "7"]
[White "Umansky Mikhail (GER)"]
[Black "Baeuml Ulrich (GER)"]
[Result "1-0"]
[WhiteElo "2421"]
[BlackElo "2068"]

1.d4 d5 2.c4 e6 3.Nf3 Nf6 4.g3 dxc4 5.Bg2 Be7 6.O-O Nbd7 7.Nbd2 O-O 8.Nxc4 c5
9.Qc2 a6 10.Rd1 cxd4 11.Nxd4 Qc7 12.Bf4 Qc5 13.Rac1 Nd5 14.Nb3 Qa7 15.Bd6 Bxd6
16.Nxd6 h6 17.Nxc8 Raxc8 18.Qxc8 Rxc8 19.Rxc8+ Kh7 20.Bxd5 exd5 21.Rc7 Nf6
22.Rxf7 Qb6 23.Rc1 Ne8 24.Re7 Nd6 25.Rcc7 Nf5 26.Rxb7 Qf6 27.Rf7 Qxb2 28.Kg2
Kg6 29.g4 Ne3+ 30.Kf3 Nxg4 31.Rxg7+ Kh5 32.Rxg4 Qb1 33.Rf7 {#r} 1-0

[Event "Staatsliga B West 2000/01"]
[Site "masterchessopen.com Austria"]
[Round "6"]
[White "Monz Dieter (AUT)"]
[Black "Gartner Hubert"]
[Result "0-1"]
[WhiteElo "2055"]
[BlackElo "1200"]

1.d4 d5 2.Nf3 Nf6 3.g3 e6 4.Bg2 Be7 5.c4 dxc4 6.Qa4+ Bd7 7.Qxc4 Bc6 8.O-O O-O
9.Bf4 Nbd7 10.Nc3 Nb6 11.Qd3 Nbd5 12.Ne5 Nxf4 13.gxf4 Bxg2 14.Kxg2 Nd5 15.Qf3
c6 16.Nxd5 Qxd5 17.Qxd5 cxd5 18.Rac1 Rac8 19.e3 Bd6 20.Nd3 Rc4 21.b3 Rcc8
22.h3 Ba3 23.Ra1 Rc2 24.Ne1 Re2 25.Kf3 Rd2 26.h4 h5 27.Rg1 Rc8 28.Ng2 Rcc2
29.Raf1 Rxa2 30.f5 Bd6 31.fxe6 fxe6 32.Nf4 Bxf4 33.Kxf4 Rxf2+ 34.Ke5 Kf7
35.Kd6 g6 36.b4 b5 37.Kc6 a6 38.Kb6 Rxf1 39.Rxf1+ Ke7 40.Rg1 Kf6 41.Rf1+ Kg7
42.Rg1 Ra4 43.Kc5 a5 44.bxa5 Rxa5 45.Rh1 Ra3 46.Rh3 Rc3+ 47.Kd6 b4 48.Kxe6 b3
49.Rh2 Rxe3+ 50.Kxd5 Rc3 51.Rb2 Rh3 52.Ke5 Rxh4 53.Rxb3 Rh1 54.Rb7+ Kh6 55.d5
h4 56.Kf4 g5+ 57.Kf5 Rf1+ 58.Kg4 Rf4+ 59.Kh3 Rd4 60.Rd7 Kg6 61.Rd8 Rd3+ 62.Kh2
Kf5 63.d6 Kg4 64.d7 Rd2+ 65.Kg1 Kg3 66.Kf1 g4 67.Re8 Rxd7 68.Re1 {#R} 0-1

[Event "Ch Romania (w)"]
[Site "masterchessopen.com Baile Tusnad (Romania)"]
[Round "7"]
[White "Calotescu Ana-Cristina (ROM)"]
[Black "Gheorghe Corina (ROM)"]
[Result "1-0"]
[WhiteElo "2296"]
[BlackElo "2090"]

1.Nf3 d5 2.d4 Nf6 3.c4 e6 4.g3 dxc4 5.Bg2 Be7 6.Qa4+ Bd7 7.Qxc4 Bc6 8.Nc3 O-O
9.O-O a6 10.Qd3 b5 11.Ne5 Bxg2 12.Kxg2 c5 13.Qf3 Ra7 14.dxc5 Bxc5 15.Bg5 h6
16.Rfd1 Qe7 17.Bxf6 Qxf6 18.Qxf6 gxf6 19.Ng4 Kg7 20.Nxf6 Kxf6 21.Ne4+ Ke7
22.Nxc5 Rc7 23.Rac1 Rfc8 24.Nd3 Nc6 25.Rc5 Nd4 26.Rxc7+ Rxc7 27.Rc1 Rc4 28.e3
Nc6 29.f4 f6 30.Kf3 h5 31.Rxc4 bxc4 32.Nc5 a5 33.Ne4 Nb4 34.Nd2 c3 35.bxc3
Nxa2 36.Nb1 Kd6 37.Ke4 Kc5 38.Kd3 Nc1+ 39.Kc2 Ne2 40.Na3 Ng1 41.Kd3 Nf3 42.h3
f5 43.Ke2 {#r} 1-0

[Event "It (open)"]
[Site "masterchessopen.com Bergen (Norway)"]
[Round "1"]
[White "Bachmann Andreas (GER)"]
[Black "Stam Bart (NED)"]
[Result "1-0"]
[WhiteElo "2286"]
[BlackElo "2075"]

1.d4 d5 2.c4 e6 3.Nf3 Nf6 4.g3 Be7 5.Bg2 dxc4 6.Ne5 O-O 7.O-O Nc6 8.Nxc6 bxc6
9.e3 Ba6 10.Qe2 Qc8 11.Nc3 Nd5 12.e4 Nxc3 13.bxc3 c5 14.Ba3 Rb8 15.Rab1 Qd7
16.dxc5 Qd3 17.Qxd3 cxd3 18.Bb4 Rfd8 19.Rfd1 Bc4 20.Bf1 Kf8 21.Kg2 Ke8 22.a4
Rb7 23.a5 Rb5 24.c6 Bf6 25.f4 e5 26.Kf3 exf4 27.gxf4 Rdb8 28.e5 Be7 29.Bxd3
Bxd3 30.Rxd3 Bxb4 31.cxb4 Rxa5 32.bxa5 Rxb1 33.Rd7 Ra1 34.Rxc7 Rxa5 35.e6 fxe6
36.Rxg7 Rc5 37.Rxa7 h5 38.Rh7 Rxc6 39.Rxh5 Kf7 40.Kg4 Kg6 41.Rh8 Rc4 42.Rg8+
Kf6 43.Rg5 Rc1 44.Re5 Rg1+ 45.Kf3 Kf7 46.h3 Kf6 47.Kf2 Rg7 48.Ra5 Rg6 49.Ra1
Rg8 50.Kf3 Rg7 51.h4 Rg8 52.h5 Kf5 53.h6 Rh8 54.Rh1 Rh7 55.Rh2 Kg6 56.Ke4 Kf6
57.Rh1 Kf7 58.Ke5 Ke7 59.Rh5 Kf7 60.Kd6 Kf6 61.Re5 Re7 62.Rg5 Ra7 63.Rh5 Ra6+
64.Kc7 Ra7+ 65.Kc6 Rh7 66.Kd6 Kf7 67.Ke5 Ke7 68.Rh3 Kf7 69.Rh1 Ke7 70.f5 exf5
71.Kxf5 Rf7+ 72.Kg6 Rf6+ 73.Kg5 Rf2 74.h7 Rg2+ 75.Kh5 {#r} 1-0

[Event "It \"]
[Site "masterchessopen.com Buenos Aires (Argentina)"]
[Round "3"]
[White "Ferrara Alexis (ARG)"]
[Black "Lopez Sergio (ARG)"]
[Result "1-0"]
[WhiteElo "2261"]
[BlackElo "2016"]

1.d4 d5 2.c4 e6 3.Nf3 Nf6 4.g3 dxc4 5.Bg2 Be7 6.O-O O-O 7.Qc2 a6 8.Qxc4 b5
9.Qc2 Bb7 10.Bf4 Bd6 11.Nbd2 Nbd7 12.Rac1 Rc8 13.Nb3 Be4 14.Qd2 Qe7 15.Ne5
Bxg2 16.Kxg2 c5 17.Nxd7 Nxd7 18.Bxd6 Qxd6 19.dxc5 Qxd2 20.Nxd2 Nxc5 21.Rc2 Na4
22.Rfc1 Nb6 23.Ne4 Rxc2 24.Rxc2 Nd5 25.a3 Ra8 26.Nd6 Kf8 27.e4 Rd8 28.Nb7 Rb8
29.Nc5 Nb6 30.Nxa6 Ra8 31.Nc7 Ra5 32.Rc6 Nc4 33.b4 Ra4 34.Nxb5 Nxa3 35.Nxa3
Rxa3 36.b5 Rb3 37.b6 g6 38.e5 Kg7 39.h4 h6 40.Kf1 g5 41.Ke2 Kg6 42.hxg5 hxg5
43.g4 Rb5 44.Kd3 Rxe5 {#r} 1-0

[Event "Ch Russia (juniors) (under 16)"]
[Site "masterchessopen.com Cherepovets (Russia)"]
[Round "0"]
[White "Lakhno Konstantin (RUS)"]
[Black "Belousov Danila (RUS)"]
[Result "1-0"]
[WhiteElo "2259"]
[BlackElo "2135"]

1.d4 d5 2.Nf3 Nf6 3.c4 e6 4.g3 dxc4 5.Bg2 Be7 6.O-O O-O 7.Qc2 a6 8.a4 Bd7
9.Nbd2 Bc6 10.Nxc4 Be4 11.Qb3 Nc6 12.e3 Bd5 13.Bd2 Ne4 14.Qc2 Rc8 15.Rac1 Bf6
16.Rfd1 Qe7 17.Be1 Rfd8 18.Kh1 h6 19.b3 Ng5 20.Ncd2 Nb4 21.Qb1 Bc6 22.h4 Nxf3
23.Nxf3 g5 24.hxg5 hxg5 25.g4 Nd5 26.Kg1 Bg7 27.Ne5 Bxe5 28.dxe5 Kg7 29.Rc4
Nb6 30.Bb4 Qe8 31.Bxc6 bxc6 32.Rcc1 Nd5 33.Ba3 Qh8 34.Qe4 Qh6 35.Kg2 Nc3
36.Rxd8 Rxd8 37.Qf3 Nd5 38.Rh1 Qg6 39.Bc1 Nc3 40.Qxc6 Nd5 41.Qc4 Rb8 42.Bd2
Rd8 43.Ba5 Rf8 44.Bb4 Rd8 45.Bc5 a5 46.Kg3 Rd7 47.Rh5 f5 48.exf6+ Qxf6 49.Qe4
Qg6 50.Bf8+ {#r} 1-0

[Event "It \"]
[Site "masterchessopen.com Framingham (USA)"]
[Round "6"]
[White "Doettling Fabian (GER)"]
[Black "Shahade Michael (USA)"]
[Result "1-0"]
[WhiteElo "2520"]
[BlackElo "2289"]

1.d4 Nf6 2.c4 e6 3.g3 d5 4.Bg2 Be7 5.Nf3 dxc4 6.O-O O-O 7.Ne5 c5 8.dxc5 Bxc5
9.Qxd8 Rxd8 10.Nxc4 Nc6 11.Nc3 Bd7 12.Bf4 Be8 13.Rfd1 Rd4 14.Rxd4 Bxd4 15.Nb5
Nd5 16.Bxd5 exd5 17.Ncd6 Bb6 18.Nxb7 Nd4 19.Nxd4 Bxd4 20.Rb1 f6 21.b3 g5
22.Be3 Bxe3 23.fxe3 Bh5 24.Rb2 Rc8 25.b4 Rc1+ 26.Kg2 Ra1 27.Nc5 Kf7 28.Nb3 Re1
29.Kf2 Rh1 30.Kg2 Re1 31.a4 Rxe2+ 32.Rxe2 Bxe2 33.Nd4 Bd3 34.a5 Ke8 35.Kf2 Kd7
36.Ke1 Kd6 37.Kd2 Bf1 38.Kc3 h5 39.h4 gxh4 40.gxh4 Bh3 {#r} 1-0

[Event "Bundesliga 2001/02"]
[Site "masterchessopen.com Germany"]
[Round "2"]
[White "Hertneck Gerald (GER)"]
[Black "Trisic Alexandar (GER)"]
[Result "1-0"]
[WhiteElo "2570"]
[BlackElo "2312"]

1.d4 Nf6 2.c4 e6 3.g3 d5 4.Bg2 dxc4 5.Nf3 Be7 6.O-O O-O 7.Ne5 Nc6 8.Nxc6 bxc6
9.Na3 Bxa3 10.bxa3 Nd5 11.Qa4 Nc3 12.Qc2 Nb5 13.e3 Nd6 14.a4 Rb8 15.Ba3 Ba6
16.Bc5 Qd7 17.Bxa7 Rb7 18.Bc5 Rfb8 19.Rfb1 Qe8 20.Rxb7 Rxb7 21.Rb1 Qb8 22.Rxb7
Qxb7 23.Bf1 c3 24.Bxa6 Qxa6 25.Qxc3 Qxa4 26.Qb4 Qxb4 27.Bxb4 Kf8 28.Kg2 Ke8
29.Kf3 Nc4 30.h4 Nb6 31.e4 Nc4 32.Ke2 f5 33.exf5 exf5 34.a4 Kd7 35.a5 Kc8
36.Kf3 Nd6 37.Kf4 g6 38.Kg5 Ne4+ 39.Kh6 Nxf2 40.Kxh7 Ne4 41.Kxg6 Nxg3 42.h5
Nxh5 43.Kxh5 Kb7 44.Kg5 Ka6 45.Kxf5 Kb5 46.Ke6 c5 47.Bxc5 {#r} 1-0

[Event "Memorial J.Capablanca (cat.13)"]
[Site "masterchessopen.com Habana (Cuba)"]
[Round "3"]
[White "Stefansson Hannes (ISL)"]
[Black "Delgado Neuris (CUB)"]
[Result "1-0"]
[WhiteElo "2575"]
[BlackElo "2487"]

1.d4 Nf6 2.c4 e6 3.g3 d5 4.Bg2 Be7 5.Nf3 dxc4 6.Qa4+ Bd7 7.Qxc4 Bc6 8.O-O O-O
9.Nc3 a6 10.a3 b5 11.Qd3 Nbd7 12.Bg5 h6 13.Bxf6 Nxf6 14.Rac1 Bxf3 15.Bxf3 Rb8
16.Na2 Nd5 17.Rc6 Nb6 18.Nb4 Bxb4 19.axb4 Qe7 20.Qc3 Rfd8 21.b3 Qf6 22.Rd1 Nd5
23.Bxd5 Rxd5 24.e4 Rdd8 25.Rxc7 Qg6 26.f3 f5 27.Qc6 fxe4 28.Qxe4 Qxe4 29.fxe4
Rd6 30.Rc3 Rbd8 31.Rcd3 Rc6 32.Kf2 Rc2+ 33.R1d2 Rc1 34.Ke3 Kf7 35.d5 Kf6
36.Kd4 e5+ 37.Ke3 Re1+ 38.Re2 Rxe2+ 39.Kxe2 Rc8 40.Rf3+ Ke7 41.Rf5 Kd6 42.Kd2
Ra8 43.Rf7 a5 44.bxa5 Rxa5 45.Kc3 Ra2 46.Rxg7 Rxh2 47.Rg6+ Kd7 48.Re6 Rh3
49.Rxe5 Rxg3+ 50.Kb4 {#r} 1-0

[Event "Ch Hungary (team) 2000/01"]
[Site "masterchessopen.com Hungary"]
[Round "9"]
[White "Kallai Gabor (HUN)"]
[Black "Csonka Attila (HUN)"]
[Result "1-0"]
[WhiteElo "2555"]
[BlackElo "2296"]

1.d4 Nf6 2.c4 e6 3.g3 d5 4.Nf3 Be7 5.Bg2 dxc4 6.O-O O-O 7.Qc2 a6 8.a4 Bd7
9.Ne5 Bc6 10.Nxc6 Nxc6 11.e3 Na5 12.Nd2 c5 13.dxc5 Rc8 14.b4 cxb3 15.Nxb3 Nxb3
16.Qxb3 Bxc5 17.Rd1 Qc7 18.Qxb7 a5 19.Bd2 Qxb7 20.Bxb7 Rc7 21.Rab1 Rb8 22.Bf3
Rxb1 23.Rxb1 Kf8 24.Bxa5 Ra7 25.Rb5 Bd6 26.Kf1 Nd7 27.Bd1 Ke7 28.Ke2 Ne5
29.Bc2 Nc4 30.Bb4 Na3 31.Bxd6+ Kxd6 32.Rb6+ Kc5 33.Rb2 Nxc2 34.Rxc2+ Kb4
35.Rd2 Kc5 36.h3 h5 37.Rc2+ Kd6 38.Ra2 Kc5 39.Kf3 f6 40.g4 hxg4+ 41.Kxg4 g6
42.a5 Ra6 43.h4 Kd5 44.Ra4 Ke5 45.f4+ Kd6 46.e4 Ke7 47.e5 Kf7 48.Kf3 Ke7
49.Ke4 f5+ 50.Kd4 Kd7 51.Kc5 {#r} 1-0

[Event "It (open)"]
[Site "masterchessopen.com Imperia (Italy)"]
[Round "1"]
[White "Mozny Milos (CZE)"]
[Black "Wagman Stuart (USA)"]
[Result "1-0"]
[WhiteElo "2387"]
[BlackElo "2143"]

1.d4 d5 2.Nf3 Nf6 3.c4 dxc4 4.g3 e6 5.Bg2 Be7 6.O-O O-O 7.Ne5 Nc6 8.Nxc6 bxc6
9.e3 Nd5 10.Qc2 Ba6 11.Rd1 Rb8 12.a3 Qc8 13.Nd2 c5 14.dxc5 c3 15.Nf3 Bxc5
16.Ng5 Nf6 17.Qxc3 Rd8 18.Re1 Be7 19.e4 c5 20.Bf4 Rb7 21.Rac1 Rd3 22.Qc2 Rdb3
23.e5 Rxb2 24.Bxb7 Qxb7 25.exf6 {#r} 1-0

[Event "Memorial Jiraskuv (a)"]
[Site "masterchessopen.com Rakovnik (Czech Republic)"]
[Round "3"]
[White "Ungr Daniel (CZE)"]
[Black "Vlacil Vladimir (CZE)"]
[Result "0-1"]
[WhiteElo "2123"]
[BlackElo "2146"]

1.d4 Nf6 2.Nf3 d5 3.g3 e6 4.Bg2 Be7 5.c4 dxc4 6.Ne5 O-O 7.O-O Nbd7 8.Nxc4 c5
9.e3 Rb8 10.Nc3 Nb6 11.Ne5 cxd4 12.exd4 Nbd5 13.Qb3 Qd6 14.Bd2 Bd7 15.Nxd5
Nxd5 16.Rfe1 Bc6 17.Rac1 Rbc8 18.a3 Rfe8 19.Qd3 Bf6 20.Ng4 Red8 21.Be4 h5
22.Ne5 Ne7 23.d5 Nxd5 24.Bh7+ Kf8 25.Nxf7 Kxf7 26.Qg6+ Kf8 27.Qxh5 Be8 28.Qh3
Bf7 29.Rcd1 Qc6 30.Be4 Qb5 31.Qh8+ Ke7 32.Qh3 Rh8 33.Qg4 Bh5 34.Qh3 Bxd1
35.Qg2 Be2 36.f4 Bd4+ 37.Kh1 Ne3 38.Bb4+ Kf6 39.Qxe2 Qxe2 40.Rxe2 Rc1+ 41.Re1
Rxe1+ 42.Bxe1 {#R} 0-1

[Event "It (open) (a)"]
[Site "masterchessopen.com Salzburg (Austria)"]
[Round "9"]
[White "Ivanov Mikhail M (RUS)"]
[Black "Kniest Oliver (GER)"]
[Result "1-0"]
[WhiteElo "2418"]
[BlackElo "2312"]

1.d4 e6 2.c4 d5 3.Nf3 Nf6 4.g3 dxc4 5.Bg2 Be7 6.Na3 Bxa3 7.bxa3 O-O 8.Qc2 a6
9.Bb2 Nbd7 10.Nd2 Nb6 11.O-O Rb8 12.Nxc4 Nxc4 13.Qxc4 b5 14.Qc2 Bb7 15.e4 Qe7
16.Rfe1 Rfe8 17.Rac1 Rbc8 18.a4 b4 19.a5 Nd7 20.Qb3 c5 21.a3 Rb8 22.axb4 cxb4
23.Rc7 Rec8 24.Rec1 Rxc7 25.Rxc7 Qd8 26.Rc4 Qxa5 27.Rxb4 Qc7 28.h3 h6 29.Ba3
Bc6 30.Rxb8+ Qxb8 31.Qxb8+ Nxb8 32.d5 exd5 33.exd5 Bb5 34.f4 f5 35.Kf2 Kf7
36.Ke3 Nd7 37.Kd4 g5 38.Bf3 Kg6 39.Be7 Bf1 40.d6 gxf4 41.gxf4 Bb5 42.h4 Nf6
43.Bxf6 Kxf6 44.Bd5 a5 45.Kc5 Bd7 46.Kb6 a4 47.Kc7 Be8 48.h5 {#r} 1-0

[Event "Ch City (b)"]
[Site "masterchessopen.com Toronto (Canada)"]
[Round "4"]
[White "Lucki Arnie (CAN)"]
[Black "Richardson Ross (CAN)"]
[Result "1-0"]
[WhiteElo "1856"]
[BlackElo "1926"]

1.d4 d5 2.c4 e6 3.g3 Nf6 4.Bg2 Be7 5.Nf3 dxc4 6.Qa4+ Bd7 7.Qxc4 Bc6 8.O-O O-O
9.Nc3 a6 10.Bg5 b5 11.Qd3 Nbd7 12.Ne5 Bxg2 13.Kxg2 Nxe5 14.dxe5 Nd7 15.Bxe7
Qxe7 16.f4 Nc5 17.Qe3 b4 18.Ne4 Nxe4 19.Qxe4 Rab8 20.Rfd1 Rfd8 21.Qc6 Rb6
22.Qc5 Qxc5 23.Rxd8+ Qf8 24.Rxf8+ Kxf8 25.Rc1 c6 26.Rc5 Ke7 27.Kf3 Kd7 28.Ke4
Ke7 29.Kd4 Kd7 30.Ra5 h5 31.e4 g6 32.Kc5 Kc7 33.b3 Kb7 34.Kd6 Rb5 35.Rxb5+
cxb5 36.Ke7 a5 37.Kxf7 a4 38.Kxe6 {#r} 1-0

[Event "It (open)"]
[Site "masterchessopen.com Kaposvar (Hungary)"]
[Date "2001.07.12"]
[Round "1"]
[White "Kustar Sandor (HUN)"]
[Black "Banusz Tamas (HUN)"]
[Result "1-0"]
[WhiteElo "2425"]
[BlackElo "2197"]

1.Nf3 d5 2.d4 e6 3.g3 Nf6 4.Bg2 Be7 5.c4 dxc4 6.Qa4+ Nbd7 7.Qxc4 c5 8.O-O O-O
9.Rd1 cxd4 10.Nxd4 Bc5 11.Nc3 Qe7 12.Na4 a6 13.Nxc5 Qxc5 14.Qxc5 Nxc5 15.Bf4
Re8 16.Rac1 Na4 17.b3 Nb6 18.Be5 Re7 19.Bd6 Rd7 20.Bc5 Nbd5 21.e4 Nc7 22.a4 e5
23.Nf5 Rxd1+ 24.Rxd1 Be6 25.Bb6 Nce8 26.Rd3 g6 27.Ne7+ Kg7 28.a5 Nd7 29.Be3
Kf6 30.Nd5+ Bxd5 31.Rxd5 Ke7 32.Bh3 Nef6 33.Bg5 Ke8 34.Rd6 Nxe4 35.Bxd7+ Kf8
36.Bh6+ Ke7 37.Rd5 f6 38.Bh3 {#r} 1-0